Leto en feat - Statistiques

Statistiques générales
  • Ce quiz a été pris 64 fois
  • Le résultat moyen est 22 sur 39
Statistiques - réponses
Projet Titre Artiste % Correct
100 visages Macaroni Ninho
98%
Trap$tar 2 Tes parents Ninho
96%
17% Mapessa Tiakola
89%
100 visages Nouveaux riches Niska
83%
Thug ceremony Mathématiques IDS
74%
Trap$tar Avon Barksdale Ninho
74%
Virus Train de vie PLK
74%
Virus Double binks Ninho
70%
Thug ceremony 10 ou 20 Zed
66%
Thug ceremony Zombie m'appelle La Mano
64%
Trap$tar 3 Dans le noir Gazo
62%
Trap$tar 2 Kiffe la mode Naza
62%
Trap$tar 3 Sur le banc SDM
60%
Virus Double binks Zed
60%
Trap$tar 3 God Bless Rsko
58%
Trap$tar 3 God Bless Tiakola
58%
100 visages Charbon Booba
57%
Life Rodéo drive Hamza
57%
Trap$tar 3 187 mesures Ninho
57%
Thug ceremony ça donne Niska
57%
Trap$tar 3 Immonde Koba la D
55%
17% Ouais Ouais Hamza
53%
Trap$tar 2 Kiffe la mode Tiakola
53%
17% Derrière nos tours Maes
49%
Trap$tar 2 Tu déconnes Rim'k
47%
17% Truc en moi Cheu b
45%
Thug ceremony On va les éteindre Jeune Morty
45%
Thug ceremony Shake ton booty 1pliké140
43%
17% Truc en moi Kepler
43%
100 visages Big Money Lacrim
43%
100 visages T'es allée où ? Soolking
43%
Trap$tar 2 Pdv Da uzi
42%
Thug ceremony Aime moi Joé Dwet Filé
42%
17% Christian Dior MHD
42%
Trap$tar 2 Pure Sadek
42%
Capitaine fait de l'art C'est des oufs Kepler
32%
Life Mood Kepler
23%
Capitaine fait de l'art C'est des oufs TVSLYM
21%
Life Parce que je ne t'aime plus TVSLYM
21%
Aucun quiz correspondant
Distribution des résultats
% des personnes avec chaque résultat
Percentile par nombre de réponses
Votre historique - résultats
Vous n’avez pas pris ce quiz